Psychology and law : (Record no. 175787)

MARC details
000 -LEADER
fixed length control field 00748cam a2200229 a 4500
001 - CONTROL NUMBER
control field vtls001454260
003 - CONTROL NUMBER IDENTIFIER
control field MY-SjTCS
005 - DATE AND TIME OF LATEST TRANSACTION
control field 20200226121047.0
008 - FIXED-LENGTH DATA ELEMENTS--GENERAL INFORMATION
fixed length control field 110218s1998 enk 00 0 eng
020 ## - INTERNATIONAL STANDARD BOOK NUMBER
International Standard Book Number 007709316X
039 #9 - LEVEL OF BIBLIOGRAPHIC CONTROL AND CODING DETAIL [OBSOLETE]
Level of rules in bibliographic description 201209071629
Level of effort used to assign nonsubject heading access points izani
Level of effort used to assign subject headings 201102181737
Level of effort used to assign classification VLOAD
-- 200407271857
-- VLOAD
082 04 - DEWEY DECIMAL CLASSIFICATION NUMBER
Classification number 340.19
Item number MEM
100 1# - MAIN ENTRY--PERSONAL NAME
Personal name Memon, Amina.
9 (RLIN) 8240
245 10 - TITLE STATEMENT
Title Psychology and law :
Remainder of title truthfulness accuracy and credibility /
Statement of responsibility, etc. Amina Memon, Aldert Vrij and Ray Bull.
260 ## - PUBLICATION, DISTRIBUTION, ETC.
Place of publication, distribution, etc. London :
Name of publisher, distributor, etc. McGraw-Hill Pub. Co.,
Date of publication, distribution, etc. c1998.
300 ## - PHYSICAL DESCRIPTION
Extent xi, 237 p. ;
Dimensions 25 cm.
650 #0 - SUBJECT ADDED ENTRY--TOPICAL TERM
Topical term or geographic name entry element Law
General subdivision Psychological aspects.
650 #0 - SUBJECT ADDED ENTRY--TOPICAL TERM
Topical term or geographic name entry element Witnesses
General subdivision Psychology.
700 1# - ADDED ENTRY--PERSONAL NAME
Personal name Bull, Ray.
9 (RLIN) 94349
700 1# - ADDED ENTRY--PERSONAL NAME
Personal name Vrij, Aldert.
9 (RLIN) 94350
920 ## - Programme
Programme ADP : 91495
Holdings
Withdrawn status Lost status Source of classification or shelving scheme Damaged status Not for loan Collection code Home library Current library Date acquired Total Checkouts Barcode Date last seen Date last checked out Copy number Koha item type Public note
Withdrawn   Dewey Decimal Classification     Please fill up online form at https://taylorslibrary.taylors.edu.my/services/external_storage1 Taylor's Library-TU TU External Storage-LCS 27/07/2004   1000023539 12/12/2019 27/07/2004 1 Main Collection ADTP, 91495